00634nam a22001937a 450000500170000000800410001702000180005804000210007604100080009708200130010510000380011824501250015625000120028126000330029330000100032665000490033670000280038570000270041320250227080643.0250227b |||||||| |||| 00| 0 eng d a9789358498813 aIN-DiNCcIN-DiNC dasm a954bHUS aHussain, Tachadduk Amanuleauthor aBharatbarshar itihas:bpancham khanda/1526-1750 (Major7)/cby Tachadduk Amanul Hussain, Pranjal Bhuyan and Plabon Bhuyan a1st ed. aDibrugarh:bBanalata,c2025. a336p. aHistory of India: part v/ 1526-1750 (Major7) aBhuyan, Pranjaleauthor aBhuyan, Plaboneauthor